[Event "Wasselonne op"]
[Site "Wasselonne"]
[Date "2009.08.08"]
[Round "4"]
[White "Fischer, Alexis"]
[Black "Niedzielski, Claude"]
[Result "1/2-1/2"]
[WhiteElo "1447"]
[BlackElo "1610"]
[PlyCount "26"]
[EventDate "2009.08.06"]
[EventType "swiss"]
[EventRounds "7"]
[EventCountry "FRA"]
[SourceTitle "EXT 2011"]
[Source "ChessBase"]
[SourceDate "2010.11.26"]
[SourceVersion "1"]
[SourceVersionDate "2010.11.26"]
[SourceQuality "1"]

1. e4 e6 2. f4 d5 3. e5 c5 4. d4 Nc6 5. c3 Qb6 6. Nf3 Nh6 7. Bd3 cxd4 8. cxd4 Bb4+ 9. Nc3 Bd7 10. Bc2 f5 11. exf6 gxf6 12. Nh4 Qxd4 13. Qh5+ Nf7 1/2-1/2

[Event "FRA-ch op-D"]
[Site "Pau"]
[Date "2008.08.14"]
[Round "3"]
[White "Niedzielski, Claude"]
[Black "Karsenti, Madeleine"]
[Result "0-1"]
[WhiteElo "1400"]
[BlackElo "1470"]
[PlyCount "128"]
[EventDate "2008.08.11"]
[EventType "swiss"]
[EventRounds "9"]
[EventCountry "FRA"]
[SourceTitle "CBM 126 Extra"]
[Source "ChessBase"]
[SourceDate "2008.11.05"]
[SourceVersion "1"]
[SourceVersionDate "2008.11.05"]
[SourceQuality "1"]

1. d4 d5 2. c4 e6 3. cxd5 exd5 4. Nc3 Nf6 5. Bg5 Nbd7 6. Nf3 c6 7. e3 Qa5 8. a3 Ne4 9. b4 Nxc3 10. bxa5 Nxd1 11. Rxd1 Bxa3 12. Ra1 Bd6 13. Bd3 0-0 14. Ke2 Re8 15. g4 Nf8 16. Rhg1 Ne6 17. Rg2 Bd7 18. Bh4 Nf4+ 19. Kd2 Nxg2 20. h3 Nxh4 21. Nxh4 b6 22. a6 Re7 23. f4 Rae8 24. Ng2 f6 25. Rf1 Bb4+ 26. Ke2 Bc3 27. Kf2 Bd2 28. e4 dxe4 29. Bc4+ Be6 30. Be2 Bd5 31. Ne3 Bxe3+ 32. Kxe3 b5 33. Rb1 Rd8 34. Rb4 g6 35. Bd1 Kg7 36. h4 Rb8 37. Be2 Rb6 38. Rb2 Rxa6 39. Rb1 Ra3+ 40. Kf2 Ra2 41. Ke3 a5 42. Bd1 Ra3+ 43. Ke2 Bc4+ 44. Ke1 Rd3 45. Ra1 a4 46. Be2 Re3 47. Kd2 Rxe2+ 48. Kc3 Rf2 49. Kb4 Rxf4 50. Kc5 Bd5 51. Kd6 Kf7 52. Rg1 e3 53. g5 f5 54. Rh1 e2 55. Rh2 e1Q 56. h5 Qe6+ 57. Kc5 gxh5 58. Rxh5 Qg6 59. Rxh7+ Qxh7 60. g6+ Qxg6 61. Kb6 Rxd4 62. Kc5 Rh4 63. Kb6 Qg1+ 64. Ka5 Ra7# 0-1

[Event "FRA-ch op-D"]
[Site "Aix les Bains"]
[Date "2007.08.15"]
[Round "1"]
[White "Niedzielski, Claude"]
[Black "Minot, Barbara"]
[Result "1-0"]
[WhiteElo "1370"]
[BlackElo "1499"]
[PlyCount "141"]
[EventDate "2007.08.13"]
[EventType "swiss"]
[EventRounds "11"]
[EventCountry "FRA"]
[SourceTitle "CBM 120 Extra"]
[Source "ChessBase"]
[SourceDate "2007.11.01"]
[SourceVersion "1"]
[SourceVersionDate "2007.11.01"]
[SourceQuality "1"]

1. e4 e5 2. Nc3 Nf6 3. Bc4 Be7 4. d3 Nc6 5. Bg5 0-0 6. Bxf6 Bxf6 7. Nd5 b6 8. Qf3 Nd4 9. Nxf6+ Kh8 10. Qd1 Qxf6 11. c3 Ne6 12. Qg4 d6 13. Qf3 Nf4 14. 0-0-0 Qg6 15. Qg3 Qh6 16. h3 Nh5+ 17. Qe3 Qg6 18. g3 Be6 19. Bxe6 fxe6 20. Rh2 Qe8 21. Kb1 Qa4 22. Qe2 Nf6 23. Nf3 h6 24. Nh4 Rf7 25. Rg1 Raf8 26. Ng6+ Kg8 27. Nxf8 Kxf8 28. Qc2 Qe8 29. Rc1 c5 30. c4 d5 31. Qb3 dxe4 32. dxe4 Nxe4 33. Qe3 Qc6 34. Rd1 Nd6 35. Qd3 Ke7 36. Qd2 e4 37. b3 Rf3 38. Rhh1 Rd3 39. Qf4 Nf5 40. Rxd3 exd3 41. Rd1 b5 42. Rxd3 bxc4 43. Qxc4 Qh1+ 44. Kb2 Qf1 45. Qxc5+ Kf6 46. Rd2 Qxh3 47. Qxa7 Qg2 48. a4 Nxg3 49. Qd4+ Kg6 50. Qg4+ Kf6 51. Qxg3 Qf1 52. Qc3+ e5 53. a5 h5 54. Qc6+ Kf5 55. a6 Qe1 56. Qc2+ Kf4 57. a7 Qh1 58. Rd8 g5 59. a8Q Qe1 60. Qd2+ Qxd2+ 61. Rxd2 h4 62. Qg2 g4 63. Qh2+ g3 64. fxg3+ hxg3 65. Qg2 e4 66. b4 e3 67. Rd4+ Ke5 68. Qe4+ Kf6 69. Rd6+ Kg5 70. Rg6+ Kh5 71. Qg4# 1-0